[Event "DEM U16w 2023"]
[Site "Willingen GER"]
[Date "2023.05.31"]
[Round "6"]
[White "Englert, Lin"]
[Black "Heuberger, Sandra"]
[Result "1-0"]
[Termination "normal"]
[Board "12"]
[WhiteElo "1447"]
[BlackElo "1196"]
[WhiteClock "00:17:44"]
[BlackClock "00:16:36"]
[PlyCount "103"]
[WhiteFideId "16226410"]
[BlackFideId "16232151"]
[EventCountry "GER"]
[EventRounds "9"]
[EventType "swiss"]
[EventDate "2023.05.27"]

1. d4 {[%clk 01:30:58]} {[%emt 00:00:02]} d5 {[%clk 01:30:53]} {[%emt
00:00:08]} 2. c4 {[%clk 01:31:22]} {[%emt 00:00:05]} e6 {[%clk 01:31:10]}
{[%emt 00:00:13]} 3. Nc3 {[%clk 01:31:47]} {[%emt 00:00:06]} Nf6 {[%clk
01:31:23]} {[%emt 00:00:16]} 4. cxd5 {[%clk 01:31:42]} {[%emt 00:00:36]} exd5
{[%clk 01:31:25]} {[%emt 00:00:29]} 5. Bg5 {[%clk 01:32:01]} {[%emt 00:00:09]}
Be7 {[%clk 01:31:14]} {[%emt 00:00:43]} 6. e3 {[%clk 01:31:10]} {[%emt
00:01:20]} O-O {[%clk 01:31:14]} {[%emt 00:00:30]} 7. Nf3 {[%clk 01:29:44]}
{[%emt 00:01:56]} h6 {[%clk 01:30:05]} {[%emt 00:01:40]} 8. Bh4 {[%clk
01:28:22]} {[%emt 00:01:51]} Nc6 {[%clk 01:29:34]} {[%emt 00:01:00]} 9. a3
{[%clk 01:24:41]} {[%emt 00:04:12]} Bf5 {[%clk 01:28:11]} {[%emt 00:01:52]} 10.
Bxf6 {[%clk 01:17:59]} {[%emt 00:07:13]} Bxf6 {[%clk 01:28:18]} {[%emt
00:00:24]} 11. Qb3 {[%clk 01:18:23]} {[%emt 00:00:05]} Re8 {[%clk 01:18:15]}
{[%emt 00:10:32]} 12. Be2 {[%clk 01:15:48]} {[%emt 00:03:05]} Be6 {[%clk
01:05:59]} {[%emt 00:12:47]} 13. Qxb7 {[%clk 01:12:28]} {[%emt 00:03:50]} Na5
{[%clk 01:04:16]} {[%emt 00:02:13]} 14. Qb5 {[%clk 01:10:57]} {[%emt 00:01:59]}
c6 {[%clk 01:03:20]} {[%emt 00:01:27]} 15. Qd3 {[%clk 01:10:40]} {[%emt
00:00:48]} Rb8 {[%clk 01:00:54]} {[%emt 00:02:56]} 16. b4 {[%clk 01:06:07]}
{[%emt 00:05:03]} Nc4 {[%clk 00:59:20]} {[%emt 00:02:05]} 17. O-O {[%clk
01:00:56]} {[%emt 00:05:41]} Qd7 {[%clk 00:56:29]} {[%emt 00:03:21]} 18. Qc2
{[%clk 00:54:17]} {[%emt 00:07:08]} Nd6 {[%clk 00:54:05]} {[%emt 00:02:55]} 19.
Bd3 {[%clk 00:51:10]} {[%emt 00:03:39]} Bf5 {[%clk 00:48:38]} {[%emt 00:05:56]}
20. Bxf5 {[%clk 00:50:01]} {[%emt 00:01:39]} Nxf5 {[%clk 00:48:46]} {[%emt
00:00:23]} 21. Rfc1 {[%clk 00:49:21]} {[%emt 00:01:09]} Rec8 {[%clk 00:46:22]}
{[%emt 00:02:53]} 22. Na4 {[%clk 00:49:05]} {[%emt 00:00:48]} Nd6 {[%clk
00:45:22]} {[%emt 00:01:30]} 23. Nc5 {[%clk 00:48:33]} {[%emt 00:01:01]} Qe7
{[%clk 00:44:57]} {[%emt 00:00:54]} 24. Qa4 {[%clk 00:44:00]} {[%emt 00:05:04]}
Rb6 {[%clk 00:43:06]} {[%emt 00:02:23]} 25. Rc2 {[%clk 00:42:26]} {[%emt
00:02:02]} Ne4 {[%clk 00:36:33]} {[%emt 00:07:03]} 26. Rac1 {[%clk 00:40:01]}
{[%emt 00:02:54]} Nd6 {[%clk 00:30:20]} {[%emt 00:06:46]} 27. Nd3 {[%clk
00:37:58]} {[%emt 00:02:30]} Nb5 {[%clk 00:29:39]} {[%emt 00:01:11]} 28. Nfe5
{[%clk 00:36:24]} {[%emt 00:02:05]} Bxe5 {[%clk 00:28:57]} {[%emt 00:01:11]}
29. Nxe5 {[%clk 00:36:46]} {[%emt 00:00:08]} Qd6 {[%clk 00:28:45]} {[%emt
00:00:41]} 30. Rc5 {[%clk 00:33:45]} {[%emt 00:03:32]} f6 {[%clk 00:27:40]}
{[%emt 00:01:37]} 31. Nd3 {[%clk 00:33:35]} {[%emt 00:00:38]} Kh8 {[%clk
00:26:16]} {[%emt 00:01:54]} 32. Qb3 {[%clk 00:31:14]} {[%emt 00:02:53]} a6
{[%clk 00:25:40]} {[%emt 00:01:06]} 33. Rxd5 {[%clk 00:27:00]} {[%emt
00:04:42]} cxd5 {[%clk 00:24:31]} {[%emt 00:01:39]} 34. Rxc8+ {[%clk 00:27:21]}
{[%emt 00:00:10]} Kh7 {[%clk 00:24:52]} {[%emt 00:00:09]} 35. Rc5 {[%clk
00:26:46]} {[%emt 00:01:05]} Nc7 {[%clk 00:24:05]} {[%emt 00:01:16]} 36. Nf4
{[%clk 00:25:55]} {[%emt 00:01:20]} Rb5 {[%clk 00:23:11]} {[%emt 00:01:25]} 37.
Qc2+ {[%clk 00:26:06]} {[%emt 00:00:19]} Kg8 {[%clk 00:22:27]} {[%emt
00:01:13]} 38. Rxc7 {[%clk 00:26:21]} {[%emt 00:00:17]} Rb8 {[%clk 00:21:25]}
{[%emt 00:01:30]} 39. Rc8+ {[%clk 00:24:42]} {[%emt 00:02:10]} Rxc8 {[%clk
00:21:46]} {[%emt 00:00:09]} 40. Qxc8+ {[%clk 00:25:06]} {[%emt 00:00:05]} Kh7
{[%clk 00:21:26]} {[%emt 00:00:51]} 41. Qf5+ {[%clk 00:21:25]} {[%emt
00:04:10]} Kh8 {[%clk 00:21:04]} {[%emt 00:00:53]} 42. Qxd5 {[%clk 00:21:27]}
{[%emt 00:00:28]} Qc7 {[%clk 00:20:51]} {[%emt 00:00:45]} 43. Qc5 {[%clk
00:21:32]} {[%emt 00:00:25]} Qf7 {[%clk 00:20:23]} {[%emt 00:00:57]} 44. d5
{[%clk 00:18:44]} {[%emt 00:03:18]} Qd7 {[%clk 00:19:54]} {[%emt 00:00:57]} 45.
d6 {[%clk 00:16:52]} {[%emt 00:02:24]} Qa4 {[%clk 00:19:14]} {[%emt 00:01:11]}
46. h3 {[%clk 00:16:50]} {[%emt 00:00:31]} Qxa3 {[%clk 00:17:47]} {[%emt
00:01:59]} 47. d7 {[%clk 00:16:58]} {[%emt 00:00:21]} Qa1+ {[%clk 00:16:45]}
{[%emt 00:01:31]} 48. Kh2 {[%clk 00:17:21]} {[%emt 00:00:07]} Qb1 {[%clk
00:16:59]} {[%emt 00:00:15]} 49. d8=Q+ {[%clk 00:17:05]} {[%emt 00:00:47]} Kh7
{[%clk 00:17:18]} {[%emt 00:00:13]} 50. Qcf8 {[%clk 00:17:10]} {[%emt
00:00:24]} Qg1+ {[%clk 00:16:25]} {[%emt 00:01:23]} 51. Kxg1 {[%clk 00:17:32]}
{[%emt 00:00:07]} g5 {[%clk 00:16:36]} {[%emt 00:00:20]} 52. Qh8# {[%clk
00:17:44]} {[%emt 00:00:18]} 1-0

[Event "DEM U16w 2023"]
[Site "Willingen GER"]
[Date "2023.05.31"]
[Round "6"]
[White "Rotärmel, Leonie"]
[Black "Kern, Jennifer"]
[Result "1/2-1/2"]
[Termination "normal"]
[Board "13"]
[WhiteElo "1606"]
[BlackElo "1333"]
[WhiteClock "00:02:12"]
[BlackClock "00:28:00"]
[PlyCount "104"]
[WhiteFideId "16281390"]
[BlackFideId "16251350"]
[EventCountry "GER"]
[EventRounds "9"]
[EventType "swiss"]
[EventDate "2023.05.27"]

1. e4 {[%clk 01:30:58]} {[%emt 00:00:02]} e5 {[%clk 01:30:53]} {[%emt
00:00:07]} 2. Nf3 {[%clk 01:31:24]} {[%emt 00:00:06]} Nf6 {[%clk 01:31:11]}
{[%emt 00:00:11]} 3. Nc3 {[%clk 01:31:46]} {[%emt 00:00:07]} Bb4 {[%clk
01:31:22]} {[%emt 00:00:19]} 4. Nxe5 {[%clk 01:31:57]} {[%emt 00:00:19]} Bxc3
{[%clk 01:31:28]} {[%emt 00:00:24]} 5. dxc3 {[%clk 01:32:20]} {[%emt 00:00:08]}
d6 {[%clk 01:31:37]} {[%emt 00:00:21]} 6. Nd3 {[%clk 01:31:35]} {[%emt
00:01:16]} Nxe4 {[%clk 01:31:17]} {[%emt 00:00:50]} 7. Be2 {[%clk 01:31:12]}
{[%emt 00:00:52]} O-O {[%clk 01:31:24]} {[%emt 00:00:23]} 8. O-O {[%clk
01:31:10]} {[%emt 00:00:32]} Nc6 {[%clk 01:31:11]} {[%emt 00:00:43]} 9. Be3
{[%clk 01:23:06]} {[%emt 00:08:34]} h6 {[%clk 01:27:47]} {[%emt 00:03:54]} 10.
f3 {[%clk 01:16:14]} {[%emt 00:07:21]} Nf6 {[%clk 01:27:27]} {[%emt 00:00:51]}
11. Qd2 {[%clk 01:04:32]} {[%emt 00:12:11]} Re8 {[%clk 01:22:09]} {[%emt
00:05:48]} 12. Bf2 {[%clk 00:56:48]} {[%emt 00:08:14]} Bf5 {[%clk 01:18:28]}
{[%emt 00:04:12]} 13. Rfe1 {[%clk 00:48:03]} {[%emt 00:09:15]} Qd7 {[%clk
01:15:47]} {[%emt 00:03:11]} 14. c4 {[%clk 00:41:32]} {[%emt 00:07:00]} Ne7
{[%clk 01:13:11]} {[%emt 00:03:05]} 15. Nf4 {[%clk 00:39:48]} {[%emt 00:02:14]}
c6 {[%clk 00:57:55]} {[%emt 00:15:46]} 16. Rad1 {[%clk 00:32:55]} {[%emt
00:07:26]} Red8 {[%clk 00:53:04]} {[%emt 00:05:19]} 17. Bd4 {[%clk 00:27:09]}
{[%emt 00:06:16]} Ne8 {[%clk 00:48:01]} {[%emt 00:05:33]} 18. Bc3 {[%clk
00:21:35]} {[%emt 00:06:04]} Qc7 {[%clk 00:34:40]} {[%emt 00:13:53]} 19. Nh5
{[%clk 00:15:46]} {[%emt 00:06:18]} d5 {[%clk 00:28:42]} {[%emt 00:06:26]} 20.
Nxg7 {[%clk 00:06:08]} {[%emt 00:10:09]} Qb6+ {[%clk 00:17:22]} {[%emt
00:11:50]} 21. Kh1 {[%clk 00:01:17]} {[%emt 00:05:21]} d4 {[%clk 00:16:43]}
{[%emt 00:01:09]} 22. Ba5 {[%clk 00:00:45]} {[%emt 00:01:03]} Qxb2 {[%clk
00:13:30]} {[%emt 00:03:44]} 23. Nxe8 {[%clk 00:00:42]} {[%emt 00:00:30]} Rxe8
{[%clk 00:13:03]} {[%emt 00:00:59]} 24. Qxh6 {[%clk 00:00:42]} {[%emt
00:00:31]} Qxc2 {[%clk 00:10:13]} {[%emt 00:03:18]} 25. Qg5+ {[%clk 00:00:40]}
{[%emt 00:00:33]} Ng6 {[%clk 00:09:50]} {[%emt 00:00:53]} 26. Rd2 {[%clk
00:00:38]} {[%emt 00:00:30]} Qa4 {[%clk 00:09:24]} {[%emt 00:00:58]} 27. Qxf5
{[%clk 00:00:55]} {[%emt 00:00:14]} b6 {[%clk 00:08:55]} {[%emt 00:00:58]} 28.
Bxb6 {[%clk 00:00:35]} {[%emt 00:00:49]} axb6 {[%clk 00:09:05]} {[%emt
00:00:19]} 29. Qf6 {[%clk 00:00:39]} {[%emt 00:00:27]} c5 {[%clk 00:05:38]}
{[%emt 00:03:56]} 30. Qxb6 {[%clk 00:00:35]} {[%emt 00:00:35]} Rab8 {[%clk
00:05:19]} {[%emt 00:00:49]} 31. Qxc5 {[%clk 00:00:41]} {[%emt 00:00:24]} Rbd8
{[%clk 00:04:51]} {[%emt 00:00:58]} 32. Qb5 {[%clk 00:00:35]} {[%emt 00:00:36]}
Qxb5 {[%clk 00:04:34]} {[%emt 00:00:46]} 33. cxb5 {[%clk 00:01:00]} {[%emt
00:00:05]} d3 {[%clk 00:04:52]} {[%emt 00:00:13]} 34. Kg1 {[%clk 00:01:11]}
{[%emt 00:00:19]} dxe2 {[%clk 00:04:04]} {[%emt 00:01:20]} 35. Rexe2 {[%clk
00:01:04]} {[%emt 00:00:34]} Rxd2 {[%clk 00:02:19]} {[%emt 00:02:16]} 36. Rxd2
{[%clk 00:01:27]} {[%emt 00:00:07]} Re1+ {[%clk 00:01:56]} {[%emt 00:00:53]}
37. Kf2 {[%clk 00:01:51]} {[%emt 00:00:07]} Rb1 {[%clk 00:01:32]} {[%emt
00:00:53]} 38. a4 {[%clk 00:02:06]} {[%emt 00:00:15]} Ne5 {[%clk 00:01:19]}
{[%emt 00:00:45]} 39. Rd8+ {[%clk 00:00:43]} {[%emt 00:01:52]} Kg7 {[%clk
00:01:32]} {[%emt 00:00:16]} 40. Rd4 {[%clk 00:00:51]} {[%emt 00:00:22]} Kf6
{[%clk 00:00:38]} {[%emt 00:01:23]} 41. h3 {[%clk 00:21:29]} {[%emt 00:09:53]}
Ke6 {[%clk 00:29:57]} {[%emt 00:01:10]} 42. f4 {[%clk 00:16:03]} {[%emt
00:05:57]} Nd7 {[%clk 00:29:37]} {[%emt 00:00:48]} 43. Ke3 {[%clk 00:11:34]}
{[%emt 00:05:00]} Rb3+ {[%clk 00:28:36]} {[%emt 00:01:30]} 44. Rd3 {[%clk
00:09:34]} {[%emt 00:02:30]} Rb4 {[%clk 00:28:45]} {[%emt 00:00:22]} 45. f5+
{[%clk 00:06:50]} {[%emt 00:03:12]} Ke7 {[%clk 00:27:44]} {[%emt 00:01:32]} 46.
Rd4 {[%clk 00:04:28]} {[%emt 00:02:52]} Rb3+ {[%clk 00:27:28]} {[%emt
00:00:46]} 47. Rd3 {[%clk 00:03:15]} {[%emt 00:01:43]} Rb4 {[%clk 00:27:31]}
{[%emt 00:00:29]} 48. Rd4 {[%clk 00:01:49]} {[%emt 00:01:55]} Rb3+ {[%clk
00:27:40]} {[%emt 00:00:20]} 49. Rd3 {[%clk 00:02:12]} {[%emt 00:00:07]} Rb4
{[%clk 00:28:00]} {[%emt 00:00:09]} 50. Ra3 {[%emt 00:02:29]} Ne5 51. Rd3
{[%emt 00:00:03]} Nd7 52. g4 {[%emt 00:00:01]} Rb3 {[%emt 00:00:14]} 1/2-1/2